|
|
|
|
| LEADER |
00000nam0a2200000 4500 |
| 001 |
261176 |
| 005 |
20231101233536.0 |
| 035 |
|
|
|a (RuTPU)RU\TPU\book\284152
|
| 090 |
|
|
|a 261176
|
| 100 |
|
|
|a 20140521d1964 k y0rusy50 ca
|
| 101 |
0 |
|
|a rus
|
| 102 |
|
|
|a RU
|
| 105 |
|
|
|a a z 001zy
|
| 200 |
1 |
|
|a Мю-мезон
|f А. С. Вайсенберг
|
| 210 |
|
|
|a Москва
|c Наука
|d 1964
|
| 215 |
|
|
|a 400 с.
|c ил.
|
| 225 |
1 |
|
|a Современные проблемы физики
|
| 320 |
|
|
|a Библиогр.: с. 384-399.
|
| 606 |
1 |
|
|a Мю-мезоны
|2 stltpush
|3 (RuTPU)RU\TPU\subj\41995
|9 61757
|
| 610 |
1 |
|
|a свойства
|
| 610 |
1 |
|
|a масса
|
| 610 |
1 |
|
|a распад
|
| 610 |
1 |
|
|a спин
|
| 610 |
1 |
|
|a нейтрино
|
| 610 |
1 |
|
|a схемы
|
| 610 |
1 |
|
|a поиски
|
| 610 |
1 |
|
|a поглощение
|
| 610 |
1 |
|
|a электромагнитные взаимодействия
|
| 610 |
1 |
|
|a мезомолекулярные явления
|
| 610 |
1 |
|
|a деполяризация
|
| 610 |
1 |
|
|a мюоний
|
| 610 |
1 |
|
|a космическое излучение
|
| 675 |
|
|
|a 539.126.33
|v 3
|
| 700 |
|
1 |
|a Вайсенберг
|b А. С.
|g Александр Сергеевич
|
| 801 |
|
1 |
|a RU
|b 63413507
|c 20140521
|
| 801 |
|
2 |
|a RU
|b 63413507
|c 20150203
|g RCR
|
| 942 |
|
|
|c BK
|